000 00765nas a2200253 4500
001 BR9902250
003 BR-BrBNA
005 20231205101408.0
007 ta
008 230509b bl.|||p| |||| 00| 00por d
040 _aBR-BrBNA
_bpor
_cBiblioteca Nacional de Agricultura
041 _a(Pt)
072 _aH20
100 1 _aRocha Junior, W.C.
100 1 _aSantos, J.B.
100 1 _aMendes-Costa, M.C.
245 1 _aReacao de cultivares e linhagens de feijao a Fusarium oxysporum f. sp. phaseoli
650 _aFeijao
650 _aMurcha de Fusarium
650 _aLinhagem
773 0 _tFitopatologia Brasileira (Brazil)
_xISSN 0100-4158
_g(Sep 1998), v. 23(3) p. 407-409
_wBR9902250
909 _a202311
_bLúcia
_c55
_dLúcia Elande
942 _2AGRIS
_n0
_cANA
999 _c161571
_d161571